Зарубежная немецкая диалектология: от прошлого к современности; Вестник науки Сибири; № 4 (5)

Bibliografiske detaljer
Parent link:Вестник науки Сибири: электронный научный журнал/ Томский политехнический университет (ТПУ).— , 2011-.— 2226-0064
№ 4 (5).— 2012.— [С. 240-246]
Hovedforfatter: Александров О. А. Олег Анатольевич
Summary:Заглавие с титульного листа
Представлен историографический обзор наиболее значимых зарубежных публикаций по немецкой диалектологии. Выделены основные этапы становления науки о немецких диалектах и обозначены перспективы ее современного развития. Обзор выполнен на материале как первоисточников, так и обобщающих работ зарубежных и отечественных авторов.
Sprog:russisk
Udgivet: 2012
Serier:Филология. Педагогика
Fag:
Online adgang:http://earchive.tpu.ru/handle/11683/15934
Format: Electronisk Book Chapter
KOHA link:https://koha.lib.tpu.ru/cgi-bin/koha/opac-detail.pl?biblionumber=496080

MARC

LEADER 00000naa2a2200000 4500
001 496080
005 20231101100937.0
035 |a (RuTPU)RU\TPU\prd\165784 
035 |a RU\TPU\prd\165783 
090 |a 496080 
100 |a 20130122d2012 k y0rusy50 ca 
101 0 |a rus 
102 |a RU 
135 |a drnn ---uucaa 
181 0 |a i  
182 0 |a b 
200 1 |a Зарубежная немецкая диалектология: от прошлого к современности  |f О. А. Александров 
203 |a Текст  |c электронный 
215 |a 1 файл (122 Кб) 
225 1 |a Филология. Педагогика 
230 |a Электронные текстовые данные (1 файл : 122 Кб) 
300 |a Заглавие с титульного листа 
320 |a [Библиогр.: с. 245-246 (32 назв.)] 
330 |a Представлен историографический обзор наиболее значимых зарубежных публикаций по немецкой диалектологии. Выделены основные этапы становления науки о немецких диалектах и обозначены перспективы ее современного развития. Обзор выполнен на материале как первоисточников, так и обобщающих работ зарубежных и отечественных авторов. 
337 |a Adobe Reader 
461 1 |0 (RuTPU)RU\TPU\prd\143680  |x 2226-0064  |t Вестник науки Сибири  |o электронный научный журнал  |f Томский политехнический университет (ТПУ)  |d 2011- 
463 1 |0 (RuTPU)RU\TPU\prd\165247  |t № 4 (5)  |v [С. 240-246]  |d 2012 
610 1 |a лингвистика 
610 1 |a языкознание 
610 1 |a зарубежная диалектология 
610 1 |a немецкая диалектология 
610 1 |a литературный обзор 
610 1 |a труды учёных ТПУ 
610 1 |a электронный ресурс 
675 |a 811.112.2' 282  |v 3 
700 1 |a Александров  |b О. А.  |c лингвист  |c доцент Томского политехнического университета, кандидат филологических наук  |f 1979-  |g Олег Анатольевич  |2 stltpush  |3 (RuTPU)RU\TPU\pers\24739 
801 1 |a RU  |b 63413507  |c 20090623  |g PSBO 
801 2 |a RU  |b 63413507  |c 20180116  |g PSBO 
856 4 |u http://earchive.tpu.ru/handle/11683/15934 
942 |c BK